| 000 | 00792nam a22001577a 4500 | ||
|---|---|---|---|
| 003 | macl | ||
| 005 | 20200315131551.0 | ||
| 008 | 200315b xxu||||| |||| 00| 0 eng d | ||
| 040 | _cmacl | ||
| 082 | _a954 | ||
| 100 |
_aसंजय गुप्ता _978668 |
||
| 245 |
_aम. प्र. लोक सेवा आयोग मुख्य परीक्षा दर्पण मध्यकालीन भारत का इतिहास _b11वीं से 18वीं शताब्दी तक मध्य भारत का राजनीतिक आर्थिक एवं सामाजिक इतिहास प्रश्न पत्र 1 |
||
| 260 | _bनिर्माण IAS | ||
| 650 |
_aइतिहास _978669 |
||
| 942 |
_2ddc _cHIN |
||
| 999 |
_c62421 _d62421 |
||